Tiada Indah

Bibliographic Details
Main Author: Ras Adiba Radzi
Format: Book
Published: Kuala Lumpur : Melati Publisher Sdn.Bhd , 1995
Subjects:

MARC

LEADER 00000cam a2200000 7i4500
001 0000007877
002 000008451
005 20000330.0
020 |a 9839806021 
090 0 0 |a F   |b RAS 
100 0 |a Ras Adiba Radzi 
245 1 0 |a Tiada Indah   |c Ras Adiba RAdzi 
260 |a Kuala Lumpur :   |b Melati Publisher Sdn.Bhd ,   |c 1995 
300 |a 133p. ;   |c 18cm. 
650 0 0 |a Love stories, Malay 
999 |a 049214   |b BUKU   |c PINJAMAN   |e PERPUSTAKAAN KOMUNITI PETALING JAYA 
999 |a 049215   |b BUKU   |c PINJAMAN   |e PERPUSTAKAAN KOMUNITI PETALING JAYA 
999 |a 054703   |b BUKU   |c FICTION   |e PERPUSTAKAAN KOMUNITI CAW KOTA DAMANSARA